[Event "Penang op-B 9th"]
[Site "Penang"]
[Date "2017.12.05"]
[Round "2"]
[White "Hoe, Chew Ming Thomas"]
[Black "Yeoh, Yuan Hui"]
[Result "1-0"]
[WhiteElo "1738"]
[BlackElo "1341"]
[PlyCount "131"]
[EventDate "2017.12.04"]
[EventType "swiss"]
[EventRounds "9"]
[EventCountry "MAS"]
[SourceTitle "CBM 182 Extra"]
[Source "ChessBase"]
[SourceDate "2018.02.23"]
[SourceVersion "1"]
[SourceVersionDate "2018.02.23"]
[SourceQuality "1"]

1. e4 c6 2. d4 d5 3. Nc3 dxe4 4. Nxe4 Bf5 5. Ng3 Bg6 6. Nf3 Nd7 7. h4 h6 8. Bd3 Bxd3 9. Qxd3 e6 10. 0-0 Ngf6 11. Re1 Be7 12. Bd2 0-0 13. c4 c5 14. dxc5 Nxc5 15. Qc2 Qd3 16. Rac1 Rad8 17. Nf5 Qxf5 18. Qxf5 exf5 19. Rxe7 Rfe8 20. Rxe8+ Rxe8 21. Be3 Nfe4 22. Rd1 a6 23. Rd5 Na4 24. Bd4 Rc8 25. b3 Nac3 26. Bxc3 Nxc3 27. Rd7 b5 28. cxb5 axb5 29. Nd4 b4 30. Nxf5 Nxa2 31. Ne7+ Kh7 32. Nxc8 Nc1 33. Rxf7 Nxb3 34. Rb7 Nc1 35. Rxb4 Nd3 36. Rd4 Nc1 37. Kf1 Nb3 38. Rb4 Nc1 39. h5 Nd3 40. Rb7 Nf4 41. g4 Ne6 42. Ne7 Nc5 43. Rb5 Ne4 44. Ng6 Kg8 45. Rf5 Kh7 46. Rf8 Ng3+ 47. Kg2 Nxh5 48. Rh8+ Kxg6 49. gxh5+ Kxh5 50. Ra8 g5 51. Kg3 Kg6 52. Ra6+ Kg7 53. Kg4 Kh7 54. Kf5 Kg8 55. Ra7 Kf8 56. Kg6 g4 57. Kxh6 Ke8 58. Kg6 Kd8 59. Kf6 Kc8 60. Ke6 Kb8 61. Rg7 Kc8 62. Kd6 Kb8 63. Kc6 g3 64. fxg3 Ka8 65. Kb6 Kb8 66. Rg8# 1-0